Systemic Racism : (Record no. 610172)

MARC details
000 -LEADER
fixed length control field 00489nam a2200193 a 4500
008 - FIXED-LENGTH DATA ELEMENTS--GENERAL INFORMATION
fixed length control field 260204s2006##################000#0#eng##
020 ## - INTERNATIONAL STANDARD BOOK NUMBER
ISBN 9780415952774
082 04 - DEWEY DECIMAL CLASSIFICATION NUMBER
Classification number 305.8960
Item number FEA
100 1# - MAIN ENTRY--AUTHOR NAME
Personal name Feagin, Joe R.,
245 10 - TITLE STATEMENT
Title Systemic Racism :
260 ## - PUBLICATION, DISTRIBUTION, ETC. (IMPRINT)
Name of publisher Taylor & Francis,
Year of publication 2006.
300 ## - PHYSICAL DESCRIPTION
Number of Pages 400 pages
650 #0 - SUBJECT ADDED ENTRY--TOPICAL TERM
Topical Term Psychology.
942 ## - ADDED ENTRY ELEMENTS (KOHA)
Koha item type English Books
Holdings
Withdrawn status Lost status Damaged status Not for loan Home library Current library Shelving location Date acquired Full call number Accession Number Price effective from Koha item type
        Anna Centenary Library Anna Centenary Library 3RD FLOOR, B WING 04.02.2026 305.8960 FEA 146847 04.02.2026 English Books

Find us on the map